000 00612nam 2200169 4500
001 5952
011 _a0183-2662
090 _a5952
100 _a20190729k u||y0frey50 ba
101 _afre
200 _aAmour et famille
_bBrochure
_efiches documentaires
_fdu Centre de Liaison des Equipes de Recherche (CLER)
_h132-133
_iLes méthodes d'auto-observations
210 _aParis
_cCentre de Liaison des Equipes de Recherche (CLER)
_d1982
215 _a78 p.
_cill
_d21 cm
606 _9616
_aGynécologie
606 _9619
_aContraception
710 _96785
_aCentre de Liaison des Equipes de Recherche (CLER)
801 _aCH
_bCH-002049-8